Power learning

Đã lưu trong:
书目详细资料
格式: 图书
标签: 添加标签
没有标签, 成为第一个标记此记录!
Thư viện lưu trữ: Mạng thư viện Đại học Đà Nẵng
LEADER 00404nam a22001691a 4500
001 000037493
003 13788
005 20160412020351.0
008 160412s0 000
082 |a 4A(07)743-44 
245 |a Power learning  |c Robert Felman 
OWN |a LNN 
999 |a From the UDN01 
TYP |a Monograph 
980 |a Mạng thư viện Đại học Đà Nẵng